[Event "Montreal Mercredi 01"]
[Site "Montreal"]
[Date "2012.02.08"]
[Round "5"]
[White "Lizotte, Michel"]
[Black "Chenard, Yanick"]
[Result "1-0"]
[WhiteElo "1536"]
[BlackElo "1561"]
[PlyCount "110"]
[EventDate "2012.01.11"]
[EventType "swiss"]
[EventRounds "5"]
[EventCountry "CAN"]
[SourceTitle "EXT 2022"]
[Source "ChessBase"]
[SourceDate "2021.10.06"]
[SourceVersion "1"]
[SourceVersionDate "2021.10.06"]
[SourceQuality "1"]

1. e4 e5 2. Nf3 Nc6 3. Bb5 a6 4. Ba4 Nf6 5. 0-0 b5 6. Bb3 Be7 7. Re1 d6 8. h3 Bb7 9. c3 Na5 10. Bc2 c5 11. d4 Nd7 12. Nbd2 Bg5 13. Nxg5 Qxg5 14. Nc4 Qd8 15. Nxd6+ Ke7 16. Nf5+ Kf8 17. Qg4 Qf6 18. Bg5 Qg6 19. Qg3 f6 20. Be3 Qxg3 21. Nxg3 Nc4 22. Bc1 Kf7 23. b3 Nd6 24. Be3 Rac8 25. Re2 g6 26. Rd1 Ke7 27. f4 Nf7 28. Rf2 h5 29. h4 Nh6 30. dxe5 fxe5 31. fxe5 Nxe5 32. Bg5+ Ke8 33. Bf6 Rf8 34. Bg5 Rxf2 35. Kxf2 Nhg4+ 36. Kg1 c4 37. bxc4 Rxc4 38. Rd8+ Kf7 39. Bb3 Ke6 40. Bxc4+ Nxc4 41. Re8+ Kd7 42. Re7+ Kc6 43. Re6+ Kc5 44. Rxg6 Nce5 45. Rg7 Bc6 46. Rh7 Be8 47. Nxh5 Bxh5 48. Rxh5 Kc4 49. Bf4 Ng6 50. e5 Nxf4 51. Rg5 Ne3 52. h5 Ne6 53. Rg6 Kd5 54. h6 Nxg2 55. Rxe6 Kxe6 1-0

[Event "Montreal Mercredi 01"]
[Site "Montreal"]
[Date "2012.02.01"]
[Round "4"]
[White "Chenard, Yanick"]
[Black "Sonn, Eric"]
[Result "0-1"]
[WhiteElo "1561"]
[BlackElo "1554"]
[PlyCount "126"]
[EventDate "2012.01.11"]
[EventType "swiss"]
[EventRounds "5"]
[EventCountry "CAN"]
[SourceTitle "EXT 2022"]
[Source "ChessBase"]
[SourceDate "2021.10.06"]
[SourceVersion "1"]
[SourceVersionDate "2021.10.06"]
[SourceQuality "1"]

1. e4 c5 2. Nc3 Nc6 3. f4 e6 4. Nf3 a6 5. a4 Nge7 6. g3 Rb8 7. Bg2 Nd4 8. 0-0 Nec6 9. d3 d6 10. Ne1 g6 11. Ne2 Bg7 12. c3 Nxe2+ 13. Qxe2 0-0 14. Nf3 e5 15. Ng5 exf4 16. Bxf4 f6 17. Nf3 Be6 18. Nd2 Qd7 19. Rf2 Rbe8 20. Nc4 d5 21. Nd2 Bf5 22. Re1 dxe4 23. Nxe4 Bg4 24. Qd2 b6 25. Qc2 f5 26. Qb3+ Kh8 27. h3 Bh5 28. g4 fxg4 29. hxg4 Qxg4 30. Qxb6 Rxf4 31. Rxf4 Qxf4 32. Qxc6 Rf8 33. Qxc5 Be5 34. Ng3 Bd6 35. Qe3 Qxg3 36. Qd4+ Kg8 37. Qd5+ Kg7 38. Qd4+ Kh6 39. Qe3+ Bf4 40. Qxg3 Bxg3 41. Re6 a5 42. Ra6 Rf5 43. Be4 Rg5 44. Kf1 Bd1 45. Bc6 Bb3 46. Ke2 Bf4 47. Kf3 Bc1 48. Rb6 Bd5+ 49. Bxd5 Rxd5 50. Ke4 Rf5 51. b4 axb4 52. cxb4 Bf4 53. a5 Bc7 54. Ra6 Rb5 55. Rc6 Rxb4+ 56. Rc4 Rxc4+ 57. dxc4 Bxa5 58. c5 Kg5 59. Kd5 Kf4 60. c6 Bc7 61. Ke6 g5 62. Kd7 Be5 63. c7 Bxc7 0-1

[Event "Montreal Mercredi 11"]
[Site "Montreal"]
[Date "2011.11.16"]
[Round "1"]
[White "Chenard, Yanick"]
[Black "Lepine, Yannick"]
[Result "1-0"]
[WhiteElo "1539"]
[BlackElo "1428"]
[PlyCount "52"]
[EventDate "2011.11.16"]
[EventType "swiss"]
[EventRounds "5"]
[EventCountry "CAN"]
[SourceTitle "EXT 2022"]
[Source "ChessBase"]
[SourceDate "2021.10.06"]
[SourceVersion "1"]
[SourceVersionDate "2021.10.06"]
[SourceQuality "1"]

1. e4 c6 2. d4 d5 3. Nc3 dxe4 4. Nxe4 Nf6 5. Ng3 e6 6. Nf3 c5 7. Be3 cxd4 8. Nxd4 Bd7 9. Qf3 Nc6 10. Rd1 Qa5+ 11. c3 Be7 12. Bc4 0-0 13. 0-0 Ne5 14. Qe2 Nxc4 15. Qxc4 Rac8 16. Qb3 Ba4 17. Qxb7 Rc7 18. Nb3 Qe5 19. Qa6 Bb5 20. Qa5 Rfc8 21. Rfe1 Ng4 22. f4 Qc5 23. Bxc5 Rxc5 24. Nxc5 Bxc5+ 25. Rd4 a6 26. h3 Bb6 1-0

[Event "Montreal Saturday op 11"]
[Site "Montreal"]
[Date "2009.11.18"]
[Round "1"]
[White "Lescarbeau, Martin"]
[Black "Chenard, Yanick"]
[Result "1-0"]
[WhiteElo "1541"]
[BlackElo "1440"]
[PlyCount "73"]
[EventDate "2009.11.18"]
[EventType "tourn"]
[EventRounds "5"]
[EventCountry "CAN"]
[SourceTitle "EXT 2011"]
[Source "ChessBase"]
[SourceDate "2010.11.26"]
[SourceVersion "1"]
[SourceVersionDate "2010.11.26"]
[SourceQuality "1"]

1. e4 e5 2. Nc3 Nf6 3. Bc4 Nxe4 4. Qh5 Nd6 5. Bb3 Be7 6. Nf3 Nc6 7. d3 Bf6 8. Ng5 g6 9. Qh6 Bxg5 10. Bxg5 f6 11. Qg7 Rf8 12. Bh6 Qe7 13. Qxe7+ Nxe7 14. Bxf8 Kxf8 15. 0-0 a5 16. a4 c6 17. f4 exf4 18. Rxf4 Ndf5 19. g4 d5 20. gxf5 Nxf5 21. Raf1 Bd7 22. Nxd5 cxd5 23. Bxd5 Bxa4 24. b3 Bc6 25. Bxc6 bxc6 26. Ra4 c5 27. Rfa1 Nd4 28. Rxa5 Rxa5 29. Rxa5 Nxc2 30. Rxc5 Nd4 31. b4 Ke8 32. Kf2 Ne6 33. Rc3 Kd7 34. b5 Nc7 35. b6 Na6 36. b7 Nb8 37. Rc8 1-0

[Event "Montreal Mercredi 02"]
[Site "Montreal"]
[Date "2008.03.05"]
[Round "3"]
[White "Bergeron, Rene"]
[Black "Chenard, Yanick"]
[Result "0-1"]
[WhiteElo "1539"]
[BlackElo "1450"]
[PlyCount "66"]
[EventDate "2008.02.20"]
[EventType "tourn"]
[EventRounds "5"]
[EventCountry "CAN"]
[SourceTitle "EXT 2011"]
[Source "ChessBase"]
[SourceDate "2010.11.26"]
[SourceVersion "1"]
[SourceVersionDate "2010.11.26"]
[SourceQuality "1"]

1. e4 d6 2. d4 Nf6 3. Nc3 c6 4. Nf3 Bg4 5. Be2 e6 6. 0-0 Be7 7. h3 Bh5 8. Nh2 Bg6 9. Bd3 Qb6 10. e5 Nd5 11. Bxg6 hxg6 12. Nxd5 cxd5 13. c4 dxc4 14. Be3 d5 15. b3 cxb3 16. axb3 Nc6 17. Nf3 Rc8 18. Rc1 Ba3 19. Rc2 Kd7 20. Ng5 f6 21. Nf7 Rhf8 22. Nd6 Bxd6 23. exd6 Kxd6 24. Bf4+ Kd7 25. Rd2 Ne7 26. Re1 Rc6 27. Qa1 Rfc8 28. Qa4 Qa6 29. Ra2 Qxa4 30. Rxa4 a6 31. g4 Rc3 32. Rb4 b5 33. Kg2 Nc6 0-1